000 00688nam a22002057a 4500
005 20241128110812.0
010 _aENG-142697
020 _c950.00
_a9789361592959
035 _aEN-126229
037 _bDBAD
082 _a670.427
_25
100 _aGroover, Mikell P.
_974184
245 _aAutomation, Production Systems, and Computer-Integrated Manufacturing/
_cBy Mikell P. Groover
250 _a5
260 _aUttar Pradesh
_bPearson India Education Pvt Ltd
_c2025
270 _bUttar Pradesh
_a1st FLoor, Berger Tower, Plot No. C-001A/2, Sector-16B, Noida
_e201301
300 _axiv,795p.
_c25cm(pb)
_bIndex
500 _a
942 _2ddc
_cEN
_h670.427
_mGRO
_e5
999 _c207111
_d207111